00604nam a2200133Ia 4500008004100000020001800041082001700059100001900076245002600095260003500121300001400156505026000170650004000430120629s9999 xx 000 0 und d a970-640-009-5 aC001.3 R917o aRudomin, Pablo aObras / Pablo Rudomin aMéxico : El Colegio Nacional aIrregular aTomo. 1.Control central de la transmision de la informacion sensorial : Selectividad de los mecanismos de control presinaptico - Tomo. 2. Control central de la transmision de informacion sensorial. Mecanismos - Tomo. 3. Control central de la transmision d a1. CIENCIA Y HUMANIDADES-ENSAYOSÌ